| Поле | Инд. | ПП | Название | Значение |
|---|---|---|---|---|
| Тип записи | a | |||
| Библиографический уровень | m | |||
| 001 | Контрольный номер | 30b704b4-fb6a-44be-983e-9fb4af3cf16f | ||
| 005 | Дата корректировки | 20140703174647.9 | ||
| 008 | Кодируемые данные | 090320 | ||
| 020 | c | Цена, тираж | 484.00 | |
| a | ISBN | 978-5-94774-997-7 (БИНОМ.ЛЗ) | ||
| a | ISBN | 5-03-003773-X (Мир) | ||
| a | ISBN | 0-201-55802-5 (англ.) | ||
| 040 | a | Служба первич. каталог. | НБ ТвГУ | |
| 041 | a | Код языка текста | rus | |
| 080 | a | Индекс УДК | 51 | |
| 084 | a | Индекс другой классификации/Индекс ББК | В1 | |
| 090 | a | Полочн. индекс | В1 | |
| x | Авторский знак | Г 91 | ||
| 100 | 1_ | a | Автор | Грэхем Роналд |
| q | Полное имя | Грэхем Р. | ||
| 245 | 00 | a | Заглавие | Конкретная математика |
| b | Продолж. заглавия | основание информатики | ||
| c | Ответственность | пор. с англ. Б. Б. Походзея и А. Б. Ходулева ; под ред. А. Б. Ходулева | ||
| 250 | a | Основные сведения об издании | 3-е изд. | |
| 260 | 0_ | a | Место издания | Москва |
| b | Издательство | Мир | ||
| b | Издательство | БИНОМ. Лаб. знаний | ||
| c | Дата издания | 2009 | ||
| 300 | a | Объем | 703 с. | |
| 500 | a | Примечание | Доп. тит. л. англ. | |
| 504 | a | Библиография | Библиогр.: с. 651-688. - Имен. указ.: с. 689-703 | |
| 583 | a | Действие | Получение впервые 26 19.03.2009 | |
| k | Исполнитель действия | ООО "БИНОМ" | ||
| 650 | a | Основная рубрика | Математика | |
| 650 | 14 | a | Основная рубрика | Конкретная математика |
| 650 | 14 | a | Основная рубрика | Информатика |
| 653 | a | Ключевые слова | Информатика | |
| a | Ключевые слова | Конкретная математика | ||
| a | Ключевые слова | Математика | ||
| 666 | a | К ру | ||
| 700 | a | Другие авторы | Кнут Доналд | |
| q | Полное имя | Кнут, Д. | ||
| 700 | 1_ | a | Другие авторы | Паташник Орен |
| q | Полное имя | Паташник, О. | ||
| 852 | t | Порядковый номер экземпляра | 1 | |
| p | Инвентарный номер | 929637 | ||
| 863 | t | 00184936 | ||
| 888 | a | За счет средств университета | ||
| 920 | a | Оператор | Густ | |
| 952 | p | 26.2009 484.00 1 929637 | ||
| 954 | a | Дата поступления на обработку | 20090917 | |
| 999 | a | Подразделение 2 | Фил3 |